Svěděctví o puči I. : Z bojů proti komunizaci Československa /

Salvato in:
Dettagli Bibliografici
Autore principale: Hora, Ota (Autore)
Natura: Libro
Lingua:ceco
Pubblicazione: Praha : Melantrich, 1991
Edizione:1.vyd.
Tags: Aggiungi Tag
Nessun Tag, puoi essere il primo ad aggiungerne!!

MARC

LEADER 00000nam a22000003a 4500
001 stu804
005 20150617225618.5
008 911122s1991----cs------------------cze-d
040 |a STU  |b slo 
041 0 |a cze 
044 |a cs 
080 |a 943.7"1948" 
080 |a 323.27  |7 1824 
100 1 |a Hora, Ota  |4 aut 
245 1 |a Svěděctví o puči I. :  |b Z bojů proti komunizaci Československa /  |c [aut.] Hora,Ota 
250 |a 1.vyd. 
260 |a Praha :  |b Melantrich,  |c 1991 
300 |a 323 s 
996 |b E75395  |c R*75395  |l RRUM  |s A  |a 24  |w stu804_0001